Paul Walker v Birmingham City Council (Record no. 77337)

MARC details
000 -LEADER
fixed length control field 01880cab a2200253 4500
001 - CONTROL NUMBER
control field ##L134031
008 - FIXED-LENGTH DATA ELEMENTS--GENERAL INFORMATION
fixed length control field 060704n2006 000 0 eng u
035 ## - SYSTEM CONTROL NUMBER
System control number (Sirsi) u134031
041 0# - LANGUAGE CODE
Language code of text/sound track or separate title eng
245 00 - TITLE STATEMENT
Title Paul Walker v Birmingham City Council
260 ## - PUBLICATION, DISTRIBUTION, ETC.
Date of publication, distribution, etc. 2006
520 ## - SUMMARY, ETC.
Summary, etc. [2006] EWCA Civ 815, 22 June 2006. Considers the rules of succession relating to the Housing Act 1985 s88. Appeal by W against a decision that he was not entitled to succeed to a secure tenancy on the death of his mother. B had let a property on a contractual joint tenancy basis to W's parents and on W's father's death W's mother became the sole contractual tenant by right of survivorship. Her tenancy became a secure tenancy under the Housing Act 1980 whose provisions became consolidated into the Housing Act 1985. B sought possession after the mother's death contending that W could not succeed to the secure tenancy because his mother had already been a successor within s88(1)(b) of the 1985 Act. "Held": appeal allowed. W's mother had become the sole tenant on her husband's death but was not a successor within s88 of the 1985 Act so as to prevent W from succeeding her under a secure tenancy. No provision of the relevant legislation treated retrospectively either the joint tenancy or the survivor's sole tenancy as a secure tenancy before the 1980 Act came into force.
590 ## - LOCAL NOTE (RLIN)
Local note IKA040706
650 24 - SUBJECT ADDED ENTRY--TOPICAL TERM
Topical term or geographic name entry element WALKER V BIRMINGHAM CITY COUNCIL
650 24 - SUBJECT ADDED ENTRY--TOPICAL TERM
Topical term or geographic name entry element HARROW LBC V TONGE
650 24 - SUBJECT ADDED ENTRY--TOPICAL TERM
Topical term or geographic name entry element HOUSING ACT 1985 S88
650 24 - SUBJECT ADDED ENTRY--TOPICAL TERM
Topical term or geographic name entry element BASSETLAW DC V RENSHAW
650 24 - SUBJECT ADDED ENTRY--TOPICAL TERM
Topical term or geographic name entry element HOUSING ACT 1980
650 24 - SUBJECT ADDED ENTRY--TOPICAL TERM
Topical term or geographic name entry element HOUSING ACT 1985 S88(1)(B)
651 #4 - SUBJECT ADDED ENTRY--GEOGRAPHIC NAME
Geographic name England and Wales
Chronological subdivision 1543-
690 ## - LOCAL SUBJECT ADDED ENTRY--TOPICAL TERM (OCLC, RLIN)
Topical term or geographic name as entry element PROPERTY-RESIDENTIAL PROPERTY-RESIDENTIAL LANDLORD AND TENANT
856 40 - ELECTRONIC LOCATION AND ACCESS
Uniform Resource Identifier <a href="https://www.bailii.org/ew/cases/EWCA/Civ/2006/815.html">https://www.bailii.org/ew/cases/EWCA/Civ/2006/815.html</a>
Public note View the judgment free of charge at www.bailii.org...
942 ## - ADDED ENTRY ELEMENTS (KOHA)
Suppress in OPAC 0
Holdings
Withdrawn status Lost status Source of classification or shelving scheme Damaged status Not for loan Home library Current library Shelving location Date acquired Total Checkouts Full call number Barcode Date last seen Copy number Price effective from Koha item type
    Dewey Decimal Classification     Virtual Virtual Online 04/07/2006   ONLINE PUBLICATION 134031-2001 06/08/2019 1 06/08/2019 Law report